[Event "Sparkassen-Open A"]
[Site "Heusenstamm, Martinsee"]
[Date "2018.11.22"]
[Round "1.55"]
[White "Henrich, David"]
[Black "Haller, Luis"]
[Result "0-1"]
[WhiteElo "2141"]
[BlackElo "1890"]
[PlyCount "144"]
[EventDate "2018.??.??"]
[WhiteTeam "Frankfurter TV"]
[BlackTeam "SF Konz-Karthaus"]

1. c4 c5 2. Nc3 Nc6 3. g3 g6 4. Bg2 Bg7 5. Rb1 e5 6. a3 Nge7 7. b4 d6 8. d3 O-O
9. e3 f5 10. Nge2 Be6 11. Nd5 Qd7 12. f4 Rab8 13. O-O a6 14. fxe5 Nxe5 15. bxc5
Bxd5 16. cxd5 dxc5 17. Nf4 Ng4 18. Ne6 Nxd5 19. Qb3 Ngxe3 20. Bxe3 Nxe3 21.
Rfe1 Nxg2 22. Nxf8+ Kxf8 23. Kxg2 b5 24. Qe6 Rd8 25. Qxd7 Rxd7 26. Re6 Rxd3 27.
Rxa6 Rd2+ 28. Kh1 Rb2 29. Ra8+ Kf7 30. Ra7+ Ke6 31. Re1+ Be5 32. Ra8 Kd6 33.
Rd8+ Kc7 34. Rf8 Kd6 35. Rd8+ Kc7 36. Re8 Bd6 37. Rd1 c4 38. Re6 Bxa3 39. Ra6
Rb3 40. Ra1 Bc5 41. Rf6 Ra3 42. Re1 Re3 43. Rd1 c3 44. Rd5 Be7 45. Ra6 c2 46.
Ra1 Rb3 47. Rc1 Rb1 48. Rdd1 Rxc1 49. Rxc1 Kd6 50. Rxc2 b4 51. Kg2 Kd5 52. Kf3
b3 53. Rc3 b2 54. Rb3 Ba3 55. Rd3+ Kc4 56. Rd1 Kc3 57. Ke2 Kc2 58. Rd2+ Kb3 59.
Rd1 Ka2 60. h3 b1=Q 61. Rxb1 Kxb1 62. Kf3 Bc1 63. h4 Kc2 64. g4 Kd3 65. h5 f4
66. hxg6 hxg6 67. g5 Kd4 68. Kg2 Ke3 69. Kf1 f3 70. Ke1 Bd2+ 71. Kf1 f2 72. Kg2
Ke2 0-1

[Event "Sparkassen-Open A"]
[Site "Heusenstamm, Martinsee"]
[Date "2018.11.22"]
[Round "1.56"]
[White "MÃ¼dder, Melanie"]
[Black "Chandler, Patrick"]
[Result "0-1"]
[WhiteElo "1855"]
[BlackElo "2138"]
[PlyCount "88"]
[EventDate "2018.??.??"]
[WhiteTeam "SG Solingen"]
[BlackTeam "SC Nied"]

1. e4 Nc6 2. d4 d5 3. Nc3 dxe4 4. d5 Ne5 5. Qd4 Ng6 6. Nxe4 e5 7. Qa4+ Bd7 8.
Qb3 Qc8 9. Bc4 Bd6 10. Bb5 Nf6 11. Nxf6+ gxf6 12. Bxd7+ Kxd7 13. Be3 Ke7 14.
Ne2 h5 15. O-O-O b6 16. Rhe1 Kf8 17. f3 h4 18. Nc3 Qd7 19. Ne4 Kg7 20. Rd2 f5
21. Ng5 f4 22. Bf2 Rh5 23. Ne4 a5 24. g3 hxg3 25. hxg3 Bb4 26. c3 Be7 27. gxf4
Nxf4 28. Rg1+ Ng6 29. f4 Rah8 30. Ng3 Rh2 31. Qc2 Kf8 32. f5 Nf4 33. f6 Bd6 34.
Be3 Rxd2 35. Qxd2 Qg4 36. Bxf4 exf4 37. Ne2 Qf5 38. Rf1 f3 39. Nd4 Qxd5 40.
Rxf3 Qxa2 41. Rf2 Rh1+ 42. Kc2 Qc4 43. Nb3 Qe4+ 44. Qd3 Qe1 0-1

[Event "Sparkassen-Open A"]
[Site "Heusenstamm, Martinsee"]
[Date "2018.11.22"]
[Round "1.57"]
[White "Browning, Alex"]
[Black "Ochs, Daniel Elias"]
[Result "1-0"]
[WhiteElo "2102"]
[BlackElo "1884"]
[PlyCount "31"]
[EventDate "2018.??.??"]
[WhiteTeam "SVG Plettenberg"]
[BlackTeam "Wiesbadener SV"]

1. e4 e6 2. d4 d5 3. Nc3 Bb4 4. Qd3 dxe4 5. Qxe4 Nf6 6. Qh4 c5 7. dxc5 Bxc5 8.
Nf3 Nc6 9. Bg5 Be7 10. Bd3 Nb4 11. Bb5+ Bd7 12. O-O-O Nfd5 13. Nxd5 Nxd5 14.
Bxe7 Qxe7 15. Qxe7+ Kxe7 16. Bxd7 1-0

[Event "Sparkassen-Open A"]
[Site "Heusenstamm, Martinsee"]
[Date "2018.11.22"]
[Round "1.58"]
[White "Browning, Rebecca"]
[Black "Thomas, Ingo"]
[Result "0-1"]
[WhiteElo "1836"]
[BlackElo "2130"]
[PlyCount "58"]
[EventDate "2018.??.??"]
[WhiteTeam "MS Halver-SchalksmÃ¼hle"]
[BlackTeam "Krefelder SK Turm"]

1. e4 Nc6 2. Nf3 Nf6 3. e5 Nd5 4. d4 d6 5. exd6 cxd6 6. c3 Bf5 7. Bc4 Nb6 8.
Bb3 e6 9. O-O d5 10. Re1 Bd6 11. Bg5 Qc7 12. Nbd2 h6 13. Bh4 O-O 14. Bc2 Bxc2
15. Qxc2 Rac8 16. Qd3 Na5 17. Ne5 Nac4 18. Ndxc4 Nxc4 19. Qg3 f6 20. Qh3 fxe5
21. b3 exd4 22. bxc4 dxc3 23. Qxe6+ Kh8 24. Qh3 Qxc4 25. Bg5 Bf4 26. Be7 Rfe8
27. Qd7 Qc7 28. Qf5 c2 29. g3 c1=Q 0-1

[Event "Sparkassen-Open A"]
[Site "Heusenstamm, Martinsee"]
[Date "2018.11.22"]
[Round "1.59"]
[White "Engel, Berthold"]
[Black "Eg, Karlheinz"]
[Result "1-0"]
[WhiteElo "2129"]
[BlackElo "1872"]
[PlyCount "35"]
[EventDate "2018.??.??"]
[WhiteTeam "BG Buchen"]
[BlackTeam "SV RÃ¼sselsheim"]

1. c4 Nf6 2. g3 d5 3. cxd5 Qxd5 4. Nf3 e5 5. Bg2 e4 6. Nc3 Qc5 7. d4 exd3 8.
Qxd3 Na6 9. O-O Nb4 10. Qd1 Bf5 11. Be3 Qa5 12. Nd4 O-O-O 13. Qb3 Bg4 14. Qxf7
Rd7 15. Qc4 Bh5 16. a3 Nbd5 17. Nxd5 Nxd5 18. Bh3 1-0

[Event "Sparkassen-Open A"]
[Site "Heusenstamm, Martinsee"]
[Date "2018.11.22"]
[Round "1.60"]
[White "Poschadel, Andreas Gregor"]
[Black "Farmani Anosheh, Yasha"]
[Result "1/2-1/2"]
[WhiteElo "1854"]
[BlackElo "2127"]
[PlyCount "99"]
[EventDate "2018.??.??"]
[WhiteTeam "Hamelner SV"]
[BlackTeam "SK Ladenburg"]

1. d4 Nf6 2. Nf3 d5 3. Bf4 c5 4. e3 Nc6 5. c3 Qb6 6. Qb3 c4 7. Qc2 Bf5 8. Qc1
e6 9. h3 h6 10. Nbd2 Be7 11. Be2 O-O 12. O-O Qd8 13. Ne5 Nxe5 14. Bxe5 b5 15.
Bf3 Bd6 16. Bxf6 Qxf6 17. e4 dxe4 18. Bxe4 Rab8 19. a4 Bf4 20. Bxf5 Qxf5 21.
axb5 Rxb5 22. Rxa7 Rfb8 23. Ra2 Qd3 24. Rd1 Rg5 25. h4 Rg4 26. Qb1 Qh3 27. Qe4
Qxh4 28. Qf3 Bh2+ 29. Kf1 Rf4 30. Qe3 Bg3 31. Nf3 Qh1+ 32. Ke2 Qxg2 33. Rg1
Qxf3+ 34. Qxf3 Rxf3 35. Kxf3 Bd6 36. Ra4 Rxb2 37. Rxc4 g5 38. Rd1 h5 39. Rc6
Bf4 40. c4 h4 41. d5 exd5 42. cxd5 Rb7 43. Rc8+ Kg7 44. Rd8 Kf6 45. d6 Ke6 46.
d7 Bd6 47. Re1+ Kf5 48. Rd1 Ke6 49. Re1+ Kf5 50. Rd1 1/2-1/2

[Event "Sparkassen-Open A"]
[Site "Heusenstamm, Martinsee"]
[Date "2018.11.22"]
[Round "1.61"]
[White "Hinrichs, Niklas"]
[Black "Bittner, Peter"]
[Result "1-0"]
[WhiteElo "2124"]
[BlackElo "1869"]
[PlyCount "109"]
[EventDate "2018.??.??"]
[WhiteTeam "SK Bingen"]
[BlackTeam "SC Nied"]

1. d4 Nf6 2. c4 e6 3. Nf3 d5 4. e3 Nbd7 5. Nc3 c6 6. Bd3 Bd6 7. O-O O-O 8. e4
dxe4 9. Nxe4 Nxe4 10. Bxe4 h6 11. Bc2 Re8 12. Qd3 Nf8 13. b3 b6 14. Bb2 Bb7 15.
Rad1 Qc7 16. Rfe1 Rad8 17. Qc3 Be7 18. Ne5 Bf6 19. Qg3 Bxe5 20. Rxe5 f6 21. Re3
Qxg3 22. Rxg3 Kf7 23. Rgd3 Rd7 24. f3 Ng6 25. g3 Red8 26. f4 Ne7 27. Kf2 Ba6
28. R3d2 Bb7 29. Be4 f5 30. Bf3 g6 31. Bc3 h5 32. h3 Ng8 33. Ke3 Nf6 34. Rg1 c5
35. Bxb7 Rxb7 36. dxc5 Rxd2 37. Kxd2 Ne4+ 38. Kc2 Nxc5 39. g4 hxg4 40. hxg4 Rb8
41. Rh1 Nd7 42. Rh7+ Ke8 43. Bb4 fxg4 44. Re7+ Kd8 45. Rxe6 Rc8 46. Rxg6 a5 47.
Bd6 Nc5 48. Rg8+ Kd7 49. Rxc8 Kxc8 50. Bxc5 bxc5 51. Kd2 Kd7 52. Ke2 Ke6 53.
Kf2 Kf6 54. Kg3 Kf5 55. a4 1-0

[Event "Sparkassen-Open A"]
[Site "Heusenstamm, Martinsee"]
[Date "2018.11.22"]
[Round "1.62"]
[White "Goetz, Jan"]
[Black "Schreiner, Roland"]
[Result "0-1"]
[WhiteElo "1869"]
[BlackElo "2121"]
[PlyCount "94"]
[EventDate "2018.??.??"]
[WhiteTeam "SK Bad Homburg"]
[BlackTeam "SC Heusenstamm"]

1. d4 d5 2. c4 c6 3. cxd5 cxd5 4. Nc3 Nc6 5. Bf4 Nf6 6. e3 e6 7. Nf3 Bb4 8. Bd3
O-O 9. O-O Bd7 10. Rc1 Rc8 11. Qb3 Nh5 12. Bg5 f6 13. Bh4 g5 14. Bg3 Nxg3 15.
hxg3 Qe7 16. a3 Bd6 17. e4 g4 18. exd5 Na5 19. Qa2 gxf3 20. b4 exd5 21. Qxd5+
Qe6 22. Qxa5 fxg2 23. Rfe1 Rxc3 24. Rxe6 Rxc1+ 25. Kxg2 Bxe6 26. Qh5 Rf7 27.
Bxh7+ Rxh7 28. Qe8+ Bf8 29. Qxe6+ Rf7 30. d5 Rcc7 31. Qg4+ Bg7 32. Qe6 Rcd7 33.
a4 Bf8 34. b5 Rd6 35. Qg4+ Rg7 36. Qd4 b6 37. Kf3 Rgd7 38. a5 bxa5 39. Qa4 Rxd5
40. Qxa5 Bc5 41. Qa4 Rf5+ 42. Ke4 Rd4+ 43. Qxd4 Bxd4 44. Kxf5 Bxf2 45. g4 Kf7
46. g5 fxg5 47. Kxg5 Ke6 0-1

[Event "Sparkassen-Open A"]
[Site "Heusenstamm, Martinsee"]
[Date "2018.11.22"]
[Round "1.63"]
[White "Amtmann, Florian"]
[Black "Rieger, Mario"]
[Result "1-0"]
[WhiteElo "2120"]
[BlackElo "1868"]
[PlyCount "57"]
[EventDate "2018.??.??"]
[WhiteTeam "Spvgg Stetten"]
[BlackTeam "MS Halver-SchalksmÃ¼hle"]

1. e4 c6 2. d4 d5 3. f3 e6 4. Nc3 Nd7 5. Be3 Bb4 6. Bd3 Bxc3+ 7. bxc3 Ne7 8.
Ne2 e5 9. O-O O-O 10. a4 Qc7 11. Qe1 c5 12. Ng3 c4 13. Be2 f5 14. Bg5 Nf6 15.
dxe5 Qxe5 16. f4 Qc7 17. e5 Ne4 18. Nxe4 dxe4 19. Rd1 Be6 20. Rd6 Bf7 21. Qd2
Rfd8 22. Rd1 Rxd6 23. exd6 Qc5+ 24. Qd4 Qxd4+ 25. Rxd4 Nc6 26. d7 Nd8 27. Bxc4
Bxc4 28. Rxc4 Nc6 29. Rxc6 1-0

[Event "Sparkassen-Open A"]
[Site "Heusenstamm, Martinsee"]
[Date "2018.11.22"]
[Round "1.64"]
[White "Tuzi, Bruna"]
[Black "KÃ¶llner, Christof"]
[Result "1/2-1/2"]
[WhiteElo "1866"]
[BlackElo "2105"]
[PlyCount "77"]
[EventDate "2018.??.??"]
[WhiteTeam "SK GieÃŸen"]
[BlackTeam "SV Bergneustadt/Derschlag"]

1. e4 d6 2. d4 Nf6 3. Nc3 e5 4. dxe5 dxe5 5. Qxd8+ Kxd8 6. Bg5 Be6 7. O-O-O+
Kc8 8. f3 Nbd7 9. Nge2 Bc5 10. Kb1 h6 11. Bh4 g5 12. Bg3 Nh5 13. Be1 c6 14. g4
Nf4 15. h4 Kc7 16. h5 b5 17. Nc1 Nb6 18. Nd3 Nxd3 19. Bxd3 a5 20. Ne2 Rhd8 21.
Bc3 f6 22. Ng3 b4 23. Bd2 Rd7 24. Be2 Nc4 25. Bxc4 Bxc4 26. b3 Bb5 27. Rh2 Rad8
28. a4 Ba6 29. Nf5 Bf8 30. Kc1 c5 31. Ne3 Kc6 32. Nd5 Rd6 33. c4 R8d7 34. Be3
Bc8 35. Rhd2 Re6 36. Bf2 Rdd6 37. Be3 Re8 38. Bf2 Ree6 39. Be3 1/2-1/2

[Event "Sparkassen-Open A"]
[Site "Heusenstamm, Martinsee"]
[Date "2018.11.22"]
[Round "1.65"]
[White "Rudolph, Peter"]
[Black "Schellen, Sven"]
[Result "1-0"]
[WhiteElo "2120"]
[BlackElo "1865"]
[PlyCount "51"]
[EventDate "2018.??.??"]
[WhiteTeam "SK GieÃŸen"]
[BlackTeam "SF Frankfurt"]

1. Nf3 d5 2. d4 c5 3. c3 e6 4. Bf4 Nc6 5. e3 Nf6 6. Nbd2 Bd6 7. Bg3 O-O 8. Bd3
Qe7 9. Ne5 Nd7 10. Nxd7 Bxd7 11. Bxd6 Qxd6 12. dxc5 Qxc5 13. Bxh7+ Kxh7 14.
Qh5+ Kg8 15. Ne4 Qc4 16. Ng5 Rfd8 17. Qxf7+ Kh8 18. Qh5+ Kg8 19. Qh7+ Kf8 20.
Qh8+ Ke7 21. Qxg7+ Kd6 22. Nf7+ Kc7 23. Nxd8 Rxd8 24. h4 Kc8 25. h5 Nb4 26.
cxb4 1-0

[Event "Sparkassen-Open A"]
[Site "Heusenstamm, Martinsee"]
[Date "2018.11.22"]
[Round "1.66"]
[White "Diehl, Stefan"]
[Black "Heindrich, Mark"]
[Result "1/2-1/2"]
[WhiteElo "1859"]
[BlackElo "2116"]
[PlyCount "53"]
[EventDate "2018.??.??"]
[WhiteTeam "SC HÃ¶chst"]
[BlackTeam "TuS Dotzheim"]

1. f4 Nf6 2. Nf3 c6 3. e3 g6 4. Be2 Bg7 5. c4 Na6 6. Nc3 Nc7 7. O-O d5 8. b3
O-O 9. Bb2 Nce8 10. Qe1 Nd6 11. Ne5 Be6 12. c5 Nde4 13. Na4 Nd7 14. Nxd7 Bxd7
15. Bxg7 Kxg7 16. d3 Nf6 17. Rd1 Qc7 18. Qb4 Bg4 19. Bxg4 Nxg4 20. Rf3 Rad8 21.
Rg3 Nh6 22. d4 f6 23. Rf1 e5 24. f5 g5 25. Qd2 e4 26. Rh3 Rh8 27. Qe2 1/2-1/2

[Event "Sparkassen-Open A"]
[Site "Heusenstamm, Martinsee"]
[Date "2018.11.22"]
[Round "1.67"]
[White "Flach, Erich"]
[Black "Engel, Jan"]
[Result "1/2-1/2"]
[WhiteElo "2110"]
[BlackElo "1859"]
[PlyCount "82"]
[EventDate "2018.??.??"]
[WhiteTeam "SV Griesheim"]
[BlackTeam "Frankfurter TV"]

1. e4 c5 2. Nf3 d6 3. d4 cxd4 4. Nxd4 Nf6 5. Nc3 a6 6. Be2 g6 7. O-O Bg7 8. Be3
Nbd7 9. f4 b5 10. e5 dxe5 11. Nc6 Qc7 12. fxe5 Nxe5 13. Nxe5 Qxe5 14. Bd4 Qd6
15. Ne4 Nxe4 16. Bxg7 Qxd1 17. Raxd1 Rg8 18. Bd4 Bb7 19. c4 bxc4 20. Bxc4 e6
21. Bb6 Ke7 22. Rd4 f5 23. Bb3 Bc6 24. Rc1 Rgc8 25. Rdc4 Bd7 26. Bc7 Bb5 27.
R4c2 Ra7 28. a4 Bd3 29. Rc6 Rb7 30. Bxe6 Rcxc7 31. Rxc7+ Rxc7 32. Rxc7+ Kxe6
33. Rxh7 Nc5 34. Rh3 Bc4 35. Rg3 Ke5 36. Rxg6 Nxa4 37. b3 Bxb3 38. Rxa6 Nc5 39.
Ra5 Kd4 40. h4 Bd1 41. Ra8 Bg4 1/2-1/2

[Event "Sparkassen-Open A"]
[Site "Heusenstamm, Martinsee"]
[Date "2018.11.22"]
[Round "1.68"]
[White "Ahrends, Norbert"]
[Black "SchrÃ¶der, JÃ¼rgen"]
[Result "1-0"]
[WhiteElo "1856"]
[BlackElo "2102"]
[Annotator "Schloessner,Henrik"]
[PlyCount "73"]
[EventDate "2018.??.??"]
[WhiteTeam "SV GroÃŸ-Gerau"]
[BlackTeam "SC Matt im Park"]

1. d4 g6 2. c4 Bg7 3. Nc3 d6 4. e4 Nc6 5. Be3 e5 6. d5 Nce7 7. Bd3 f5 8. f3 Nf6
9. Qd2 O-O 10. Nge2 a6 11. O-O f4 12. Bf2 g5 13. g4 h5 14. h3 Ng6 15. Nc1 hxg4
16. hxg4 Nxg4 17. fxg4 Bxg4 18. Re1 Qd7 19. Be2 f3 20. Bf1 Nf4 21. Bg3 Bh3 22.
Qh2 Bg2 23. Bxf4 Rxf4 24. Bxg2 Rg4 25. Kf1 Rxg2 26. Qh5 Rf8 27. Re3 g4 28. Nd3
Rf6 29. Nf2 Rh6 30. Qf5 Qxf5 31. exf5 Rhh2 32. Nce4 g3 33. Rxf3 gxf2 34. Rxf2
Rxf2+ 35. Nxf2 Rh5 36. Ke2 Rxf5 37. Rg1 $138 1-0

[Event "Sparkassen-Open A"]
[Site "Heusenstamm, Martinsee"]
[Date "2018.11.22"]
[Round "1.69"]
[White "Rondonuwu, Grover"]
[Black "Thomele, Michael"]
[Result "1-0"]
[WhiteElo "2101"]
[BlackElo "1855"]
[PlyCount "99"]
[EventDate "2018.??.??"]
[WhiteTeam "Frankfurter TV"]
[BlackTeam "SC Obernau"]

1. d4 Nf6 2. Nf3 e6 3. c4 c5 4. d5 exd5 5. cxd5 d6 6. Nc3 a6 7. a4 g6 8. Bf4
Bg7 9. e3 Bg4 10. Be2 Bxf3 11. Bxf3 O-O 12. O-O Qc7 13. Re1 Nbd7 14. Qd2 Rfe8
15. a5 Ne5 16. Be2 Qe7 17. h3 h6 18. Bh2 g5 19. f4 Ng6 20. Bd3 g4 21. e4 gxh3
22. gxh3 Nh5 23. e5 Qh4 24. Bxg6 fxg6 25. Kg2 Rf8 26. Re4 Rf5 27. Qe1 Qe7 28.
exd6 Qxd6 29. Re6 Qc7 30. d6 Qd7 31. Rd1 Nxf4+ 32. Bxf4 Rxf4 33. Nd5 Rd4 34.
Rxd4 cxd4 35. Qe4 Qf7 36. Ne7+ Kh8 37. Nxg6+ Kg8 38. Re7 Qf6 39. d7 Rd8 40.
Re8+ Kf7 41. Ne5+ Qxe5 42. Rxe5 Bxe5 43. Qxe5 Rxd7 44. Qf5+ Ke8 45. Qe6+ Kd8
46. Qxh6 d3 47. Qd2 Kc7 48. Kf2 Kc6 49. Ke3 Rh7 50. Qc3+ 1-0

[Event "Sparkassen-Open A"]
[Site "Heusenstamm, Martinsee"]
[Date "2018.11.22"]
[Round "1.70"]
[White "Mager, Thomas"]
[Black "Gallasch, Jonas"]
[Result "0-1"]
[WhiteElo "1854"]
[BlackElo "2100"]
[PlyCount "68"]
[EventDate "2018.??.??"]
[WhiteTeam "vereinslos"]
[BlackTeam "SG Porz"]

1. c4 c5 2. Nc3 Nc6 3. g3 g6 4. Bg2 Bg7 5. e4 Nf6 6. Nge2 O-O 7. O-O Ne8 8. d3
Nc7 9. Be3 Ne6 10. f4 d6 11. f5 Ned4 12. g4 Rb8 13. Ng3 b5 14. Qd2 bxc4 15.
dxc4 Ne5 16. b3 Nxg4 17. Rad1 Nxe3 18. Qxe3 Nc2 19. Qc1 Bd4+ 20. Kh1 Ne3 21.
Rf3 Nxd1 22. Nxd1 Qa5 23. Nc3 Bxc3 24. Rxc3 Qxa2 25. Qe3 Qa1+ 26. Bf1 Bd7 27.
h4 Kh8 28. Qf3 gxf5 29. Nxf5 Bxf5 30. exf5 Qe1 31. Qh3 Rg8 32. Re3 Qf2 33. Bg2
Rxg2 34. Qxg2 Qxe3 0-1

[Event "Sparkassen-Open A"]
[Site "Heusenstamm, Martinsee"]
[Date "2018.11.22"]
[Round "1.71"]
[White "Wortmann, Klaus-Peter"]
[Black "Flach, Helene"]
[Result "1-0"]
[WhiteElo "2097"]
[BlackElo "1849"]
[PlyCount "49"]
[EventDate "2018.??.??"]
[WhiteTeam "MS Halver-SchalksmÃ¼hle"]
[BlackTeam "SK Langen"]

1. d4 d5 2. c4 e6 3. Nf3 Nf6 4. Nc3 Be7 5. Bf4 O-O 6. e3 c5 7. Be2 Nc6 8. dxc5
Bxc5 9. O-O dxc4 10. Bxc4 a6 11. a3 b5 12. Ba2 Bb7 13. Qe2 h6 14. Rfd1 Qb6 15.
b4 Be7 16. e4 Rac8 17. Rac1 Ba8 18. e5 Ne8 19. Bb1 Na7 20. Be3 Qb8 21. Qd3 f5
22. Qd7 Bxf3 23. Qxe6+ Kh8 24. gxf3 Nc6 25. f4 1-0

[Event "Sparkassen-Open A"]
[Site "Heusenstamm, Martinsee"]
[Date "2018.11.22"]
[Round "1.72"]
[White "Papadopoulos, Ioannis"]
[Black "Sanati, Charlotte"]
[Result "0-1"]
[WhiteElo "1796"]
[BlackElo "2096"]
[PlyCount "80"]
[EventDate "2018.??.??"]
[WhiteTeam "SV Oberursel"]
[BlackTeam "SG Trier"]

1. e4 c5 2. Nf3 g6 3. d4 cxd4 4. Nxd4 Nc6 5. Be3 Bg7 6. Nc3 Nf6 7. Bc4 Qa5 8.
f3 Qb4 9. Bb3 Nxe4 10. Nxc6 Bxc3+ 11. bxc3 Qxc3+ 12. Ke2 dxc6 13. Bd4 e5 14.
fxe4 exd4 15. Qd3 Bg4+ 16. Kf2 Qc5 17. Rhf1 O-O 18. Kg1 Qe5 19. Rxf7 Rxf7 20.
Bxf7+ Kg7 21. Rf1 Rf8 22. Bb3 Rxf1+ 23. Kxf1 c5 24. Bd5 b6 25. h3 Be6 26. Bxe6
Qxe6 27. a4 Kf6 28. Kf2 Ke5 29. Qg3+ Kxe4 30. Qh4+ Kd5 31. Qxh7 Qe3+ 32. Kf1
Qc1+ 33. Kf2 Qxc2+ 34. Kg3 Qd3+ 35. Kh2 Qf5 36. Qxa7 d3 37. Qa8+ Kc4 38. Qa6+
Kc3 39. Qxb6 d2 40. Qa5+ Kc2 0-1

[Event "Sparkassen-Open A"]
[Site "Heusenstamm, Martinsee"]
[Date "2018.11.22"]
[Round "1.73"]
[White "Mooser, Nicolas"]
[Black "Schubert, Nikita"]
[Result "0-1"]
[WhiteElo "2095"]
[BlackElo "1845"]
[PlyCount "110"]
[EventDate "2018.??.??"]
[WhiteTeam "FC Ergolding"]
[BlackTeam "ESV Gera"]

1. d4 Nf6 2. c4 e6 3. g3 d5 4. Bg2 Be7 5. Nf3 O-O 6. O-O dxc4 7. Nc3 c5 8. dxc5
Nc6 9. Nd2 Nd5 10. Nxc4 Nxc3 11. bxc3 Bxc5 12. Bf4 Qf6 13. Qb3 e5 14. Be3 Bxe3
15. Nxe3 Rb8 16. Nd5 Qh6 17. Rfd1 Be6 18. Qa3 Rfc8 19. Rab1 Qh5 20. Rd2 f6 21.
Qd6 Qf7 22. Rbd1 h6 23. c4 Kh8 24. Qa3 b6 25. e4 Nd4 26. Rc1 Rc5 27. Qb4 Rbc8
28. a4 Bg4 29. Kh1 Be2 30. Ne3 Bxc4 31. Nf5 Ba6 32. Rg1 Nxf5 33. exf5 Rc4 34.
Qb3 Qc7 35. h4 Bb7 36. Rgd1 Bxg2+ 37. Kxg2 Qc6+ 38. Kh2 Qxa4 39. Qf3 Rd4 40.
Rxd4 exd4 41. Re1 Qd7 42. Rd1 Rd8 43. Qd3 b5 44. Rb1 a6 45. Ra1 Qc6 46. Ra3 Qc4
47. Qd2 b4 48. Ra4 Qc3 49. Qd1 d3 50. Rxa6 d2 51. Ra7 Qd4 52. Rb7 Qxf2+ 53. Kh3
Qxf5+ 54. Kh2 Qf2+ 55. Kh3 Qe1 0-1

[Event "Sparkassen-Open A"]
[Site "Heusenstamm, Martinsee"]
[Date "2018.11.22"]
[Round "1.74"]
[White "Zimmermann, Rolf"]
[Black "Altenbernd, Dirk"]
[Result "1/2-1/2"]
[WhiteElo "2093"]
[BlackElo "1842"]
[PlyCount "50"]
[EventDate "2018.??.??"]
[WhiteTeam "SC Tornado Hochneukirch"]
[BlackTeam "SK TÃ¶nsberg Oerlinghausen"]

1. c4 g6 2. d4 Bg7 3. Nc3 d6 4. e4 Nc6 5. Be3 e5 6. d5 Nce7 7. Bd3 f5 8. f3 Nf6
9. Nge2 c5 10. dxc6 bxc6 11. Qd2 Be6 12. b3 O-O 13. Rc1 Rf7 14. a4 d5 15. cxd5
cxd5 16. exd5 Nexd5 17. Nxd5 Bxd5 18. Nc3 Be6 19. Qe2 Rc7 20. O-O Nd5 21. Nxd5
Bxd5 22. Rxc7 Qxc7 23. Rc1 Qf7 24. Bc4 Rc8 25. Bxd5 Rxc1+ 1/2-1/2

[Event "Sparkassen-Open A"]
[Site "Heusenstamm, Martinsee"]
[Date "2018.11.22"]
[Round "1.75"]
[White "HeÃŸ, Steffen"]
[Black "Lanz, Udo"]
[Result "1-0"]
[WhiteElo "2092"]
[BlackElo "1837"]
[PlyCount "55"]
[EventDate "2018.??.??"]
[WhiteTeam "SC GroÃŸ-Zimmern"]
[BlackTeam "VSG Offenbach"]

1. d4 g6 2. Nf3 Bg7 3. c4 c5 4. Nc3 b6 5. e4 Nc6 6. d5 Ne5 7. Nd2 d6 8. Be2 Nf6
9. O-O O-O 10. f4 Ned7 11. Nf3 a6 12. a4 Rb8 13. h3 h5 14. Qc2 Rb7 15. Bd3 Re8
16. e5 Nh7 17. e6 Ndf8 18. exf7+ Kxf7 19. Bxg6+ Nxg6 20. Ng5+ Nxg5 21. fxg5+
Bf6 22. Ne4 Rg8 23. gxf6 e5 24. dxe6+ Kxe6 25. Ng5+ Kd7 26. f7 Rg7 27. Qxg6
Rxg6 28. f8=Q 1-0

[Event "Sparkassen-Open A"]
[Site "Heusenstamm, Martinsee"]
[Date "2018.11.22"]
[Round "1.76"]
[White "Reinhold, GÃ¼nther"]
[Black "Eichner, Christian"]
[Result "1/2-1/2"]
[WhiteElo "1833"]
[BlackElo "2091"]
[PlyCount "81"]
[EventDate "2018.??.??"]
[WhiteTeam "Frankfurter TV"]
[BlackTeam "SV TuR Dresden"]

1. e4 e5 2. Nf3 Nc6 3. Bc4 Nf6 4. d3 Bc5 5. c3 d6 6. O-O a6 7. Bb3 Be6 8. Re1
Bxb3 9. axb3 Qd7 10. Na3 O-O 11. Bg5 Ng4 12. d4 exd4 13. cxd4 Bxa3 14. bxa3 f5
15. Qc2 fxe4 16. Qxe4 Qf5 17. h3 Qxe4 18. Rxe4 Nf6 19. Bxf6 gxf6 20. d5 Ne5 21.
Nxe5 dxe5 22. Rg4+ Kh8 23. Rc1 Rf7 24. Rgc4 Rc8 25. b4 Rd7 26. Rc5 Kg7 27. a4
Kg6 28. f3 b6 29. Rc6 Rxd5 30. Rxb6 cxb6 31. Rxc8 Rd4 32. Ra8 a5 33. bxa5 Rxa4
34. a6 Kf5 35. a7 b5 36. Rb8 Rxa7 37. Rxb5 h5 38. Rb4 Ra1+ 39. Kf2 Ra2+ 40. Kf1
Rd2 41. Re4 1/2-1/2

[Event "Sparkassen-Open A"]
[Site "Heusenstamm, Martinsee"]
[Date "2018.11.22"]
[Round "1.77"]
[White "Scheitz, Michael"]
[Black "Cortes Arias, Mariela"]
[Result "1/2-1/2"]
[WhiteElo "2090"]
[BlackElo "1831"]
[PlyCount "73"]
[EventDate "2018.??.??"]
[WhiteTeam "Wiesbadener SV"]
[BlackTeam "AJEZA"]

1. c4 c5 2. Nf3 Nc6 3. d4 cxd4 4. Nxd4 g6 5. e4 Bg7 6. Be3 d6 7. Be2 Bd7 8. O-O
Nf6 9. Nc3 O-O 10. f3 Qb6 11. c5 Qxc5 12. Nf5 Qa5 13. Nxg7 Kxg7 14. Qd2 Qh5 15.
g4 Qh3 16. Rf2 Ne5 17. Bf4 Rfd8 18. Bg3 h5 19. g5 Nh7 20. f4 Nc6 21. Bf1 Qg4
22. Be2 Qh3 23. Rg2 e5 24. Nd5 Nd4 25. fxe5 Nxe2+ 26. Rxe2 Qg4 27. exd6 h4 28.
Qd4+ f6 29. Nxf6 Nxf6 30. Qxf6+ Kh7 31. Qf7+ Kh8 32. Qxg6 hxg3 33. Qh6+ Kg8 34.
Qg6+ Kh8 35. Qh6+ Kg8 36. Qg6+ Kh8 37. Qh6+ 1/2-1/2

[Event "Sparkassen-Open A"]
[Site "Heusenstamm, Martinsee"]
[Date "2018.11.22"]
[Round "1.78"]
[White "Armbrust, Matthias"]
[Black "Mueller, Werner"]
[Result "0-1"]
[WhiteElo "1830"]
[BlackElo "2089"]
[PlyCount "88"]
[EventDate "2018.??.??"]
[WhiteTeam "SF Lindlar"]
[BlackTeam "BCA Augsburg"]

1. e4 c5 2. Nc3 d6 3. g3 g6 4. Bg2 Nc6 5. d3 Bg7 6. f4 e5 7. Nf3 Nge7 8. O-O
O-O 9. Kh1 Nd4 10. fxe5 dxe5 11. Bg5 f6 12. Be3 Be6 13. Qd2 Qd7 14. Rac1 b6 15.
Bh6 Rad8 16. Rf2 b5 17. a3 b4 18. axb4 cxb4 19. Ne2 Nxe2 20. Rxe2 a5 21. Be3
Nc6 22. Ra1 Bg4 23. Ree1 f5 24. Bc5 Rfe8 25. exf5 Bxf5 26. Qf2 e4 27. dxe4 Bxe4
28. Bb6 Bxb2 29. Rab1 Bc3 30. Rxe4 Rxe4 31. Bxd8 Nxd8 32. Qc5 a4 33. Ng5 Ne6
34. Nxe6 Qxe6 35. Rf1 Bg7 36. h3 a3 37. Bxe4 Qxe4+ 38. Kh2 h5 39. Rf4 Qe6 40.
c3 a2 41. Qa7 Bxc3 42. Qa8+ Kh7 43. Re4 Qxe4 44. Qxe4 a1=Q 0-1

[Event "Sparkassen-Open A"]
[Site "Heusenstamm, Martinsee"]
[Date "2018.11.22"]
[Round "1.79"]
[White "SchlÃ¶ÃŸner, Henrik"]
[Black "Ohler, Julius"]
[Result "1/2-1/2"]
[WhiteElo "2088"]
[BlackElo "1826"]
[PlyCount "40"]
[EventDate "2018.??.??"]
[WhiteTeam "SK GrÃ¼ndau"]
[BlackTeam "SG Trier"]

1. e4 d5 2. d4 e6 3. Nc3 Nf6 4. Bg5 dxe4 5. Nxe4 Be7 6. Bxf6 Bxf6 7. Nf3 Nc6 8.
Bb5 Bd7 9. c3 a6 10. Ba4 O-O 11. Qd3 Nb4 12. Qc4 Bxa4 13. Qxb4 Bc6 14. Ned2 Be7
15. Qb3 b5 16. O-O Bd5 17. Qc2 c5 18. Rad1 c4 19. Rfe1 f5 20. Ne5 Bd6 1/2-1/2

[Event "Sparkassen-Open A"]
[Site "Heusenstamm, Martinsee"]
[Date "2018.11.22"]
[Round "1.80"]
[White "Pham, Phuong-Bao"]
[Black "Braun, Michael"]
[Result "0-1"]
[WhiteElo "1812"]
[BlackElo "2070"]
[PlyCount "92"]
[EventDate "2018.??.??"]
[WhiteTeam "Frankfurter TV"]
[BlackTeam "SG BÃ¼chenbach/Roth"]

1. e4 c5 2. Nf3 d6 3. d4 cxd4 4. Nxd4 Nf6 5. Nc3 a6 6. f3 e5 7. Nb3 Be6 8. Be3
Be7 9. Qd2 O-O 10. O-O-O a5 11. Bb5 Na6 12. g4 Nc7 13. g5 Nd7 14. Ba4 Qb8 15.
Qe2 Rc8 16. h4 b5 17. Nxb5 Nxb5 18. Qxb5 Qc7 19. Qd3 Nb6 20. Bxb6 Qxb6 21. Nd2
Rab8 22. b3 Qb4 23. Nb1 Rc5 24. Rd2 g6 25. c3 d5 26. Rc2 Qb7 27. Re1 Rbc8 28.
Ree2 h6 29. Qe3 hxg5 30. hxg5 d4 31. cxd4 exd4 32. Qxd4 Bxg5+ 33. Kb2 Qe7 34.
e5 Bf5 35. Rxc5 Rxc5 36. f4 Bh6 37. Na3 Be6 38. Rc2 Rd5 39. Qf2 Qb4 40. Nc4 Bf8
41. Qb6 Qe1 42. Bb5 Rd1 43. Na3 Qb4 44. Nc4 Bxc4 45. Rxc4 Qa3+ 46. Kc2 Qc1# 0-1